00581cam a2200157u 450000100100000000500170001000800410002704000240006824500310009226000670012330000320019049000340022283000410025695201110029799900150040800001003220200929161817.0811203s1960 ec a 000 0 spa  aDO-SdBNPspacBNPHU00aCien autores ecuatorianos. aQuito :bMinisterio de Educacion Pública del Ecuador,c1960. av. :bil., retrs. ;c22 cm.1 aBiblioteca del estudiantev15 0aBiblioteca del estudiantev15924991 001052728MOaGRbGRcBDd2009-10-02iLF1l0o p10032-10r2020-06-25w2020-06-25y2ZPréstamo interno c9791d9791